Quelle musique n'est pas de Itzy ? - Statistiques

Statistiques générales
  • Ce quiz a été pris 186 fois
  • Le résultat moyen est 7 sur 19
Answers on the Grid
Answers color-coded by a green-red scale on the quiz's grid according to % correct below.
365
DOMINO
mine
yes but
licorice
free fall
live my life
Yolo
dynamite
better things
Gas Me Up
girls
lingo
#Twenty
forever
Boys like you
blue flame
escalator
sour grapes
pierrot
the hydra
cherry
impurities
supernatural
FEARNOT
fire in the belly
smart
swang song
good bones
flash floward
 
Statistiques - réponses
Réponse % Correct
smart
49%
FEARNOT
46%
impurities
42%
pierrot
41%
blue flame
39%
flash floward
38%
Yolo
38%
sour grapes
36%
the hydra
36%
fire in the belly
35%
better things
33%
forever
33%
girls
32%
swang song
32%
live my life
30%
good bones
29%
licorice
29%
lingo
25%
mine
10%
Aucun quiz correspondant
Distribution des résultats
% des personnes avec chaque résultat
Percentile par nombre de réponses
Votre historique - résultats
Vous n’avez pas pris ce quiz